Nauka o zboží pro EVO teoretické základy 1

Saved in:
Bibliographic Details
Main Author: Kavina, Karel
Corporate Author: Vysoká škola ekonomická v Praze. Obchodní fakulta
Other Authors: Vanda, Pavel, Hůlová, Marie
Format: Book
Language:Czech
Published: Praha Státní pedagogické nakladatelství 1982
Tags: Add Tag
No Tags, Be the first to tag this record!

MARC

LEADER 00000nam a2200000 4500
001 c134140
005 20190425095929.8
041 0 |a cze 
044 |a CZ 
245 1 0 |a Nauka o zboží pro EVO  |b teoretické základy 1  |c Karel Kavina, Pavel Vanda, Marie Hůlová 
264 1 |a Praha  |b Státní pedagogické nakladatelství  |c 1982 
300 |a 179 s. 
100 1 |a Kavina, Karel 
700 1 |a Vanda, Pavel 
700 1 |a Hůlová, Marie 
710 2 |a Vysoká škola ekonomická v Praze. Obchodní fakulta